书目信息 |
| 题名: |
葱蒜类蔬菜生产配套技术手册
|
|
| 作者: | 张爱民 编著 | |
| 分册: | ||
| 出版信息: | 北京 中国农业出版社 2012 |
|
| 页数: | 359页, [4页]图版 | |
| 开本: | 21cm | |
| 丛书名: | 新编农技员丛书 | |
| 单 册: | ||
| 中图分类: | S633 | |
| 科图分类: | ||
| 主题词: | 鳞茎类蔬菜--栽培技术 , 鳞茎类蔬菜 | |
| 电子资源: | ||
| ISBN: | 978-7-109-16206-8 | |
| 000 | 00891oam2 2200265 45 | |
| 001 | 1355391999 | |
| 005 | 20130513150029.15 | |
| 010 | @a978-7-109-16206-8@dCNY24.50 | |
| 100 | @a20130108d2012 em y0chiy50 ea | |
| 101 | 0 | @achi |
| 102 | @aCN@b110000 | |
| 105 | @af z 000yy | |
| 106 | @ar | |
| 200 | 1 | @a葱蒜类蔬菜生产配套技术手册@ACong Suan Lei Shu Cai Sheng Chan Pei Tao Ji Shu Shou Ce@f张爱民等编著@FZhang Ai Min Deng Bian Zhu |
| 210 | @a北京@c中国农业出版社@d2012 | |
| 215 | @a359页, [4页]图版@c彩照@d21cm | |
| 225 | 2 | @a新编农技员丛书 |
| 330 | @a本书较为系统地介绍了葱蒜类蔬菜的植物学性状、生物学特性和实用栽培技术及贮藏、保鲜和加工技术等。 | |
| 461 | 0 | @12001 @a新编农技员丛书 |
| 606 | 0 | @a鳞茎类蔬菜@x栽培技术 |
| 606 | 0 | @a鳞茎类蔬菜 |
| 690 | @aS633@v5 | |
| 701 | 0 | @a张爱民@AZhang Ai Min@4编著 |
| 801 | @aCN@bTANGWEI@c20130109 | |
| 905 | @b0830902-04@dS633@e240@f3 | |
| 葱蒜类蔬菜生产配套技术手册/张爱民等编著.-北京:中国农业出版社,2012 |
| 359页, [4页]图版:彩照;21cm.-(新编农技员丛书) |
| ISBN 978-7-109-16206-8:CNY24.50 |
| 本书较为系统地介绍了葱蒜类蔬菜的植物学性状、生物学特性和实用栽培技术及贮藏、保鲜和加工技术等。 |
| ● |
| 相关链接 |
|
|
|
|
正题名:葱蒜类蔬菜生产配套技术手册
索取号:S633/240
 
预约/预借
| 序号 | 登录号 | 条形码 | 馆藏地/架位号 | 状态 | 备注 |
| 1 | 0830902 | 208309025 | 第二样本阅览室/ [索取号:S633/240] | 在馆 | |
| 2 | 0830903 | 208309034 | 第三借阅区/ [索取号:S633/240] | 在馆 | |
| 3 | 0830904 | 208309043 | 第三借阅区/ [索取号:S633/240] | 在馆 |